| 000 | 00605nam a2200229 a 4500 | ||
|---|---|---|---|
| 008 | |||
| 020 | _a0521358809 (pbk.) | ||
| 049 | _aMAIN | ||
| 090 | _aQA304 | ||
| 100 | 1 | _aHardy, G. | |
| 245 | 1 | 0 | _aInequalities G. Hardy. |
| 260 |
_aCambridge : _bCambridge university press / _c1951 |
||
| 300 | _a2nd ed.. | ||
| 300 |
_axii, 324p. ; _c23 cm. |
||
| 504 | _aIncludes bibliographic references. | ||
| 650 | 1 | _aInequalities | |
| 907 |
_a.b10175842 _b22-09-05 _c19-09-05 |
||
| 003 | |||
| 005 | 20230123134112.0 | ||
| 040 | _cNUST | ||
| 942 |
_cBOOKS _kQA304 |
||
| 999 |
_c160063 _d160063 |
||